La tía Julia y el escribidor / (Record no. 83178)

MARC details
000 -LEADER
campo de control de longitud fija 01068cam a2200265 i 4500
001 - NÚMERO DE CONTROL
campo de control 116668
005 - FECHA Y HORA DE LA ÚLTIMA TRANSACCIÓN
campo de control 20230410130936.0
008 - DATOS DE LONGITUD FIJA--INFORMACIÓN GENERAL
campo de control de longitud fija 140807s2004 sp a 000 0 spa
020 ## - NÚMERO INTERNACIONAL ESTÁNDAR DEL LIBRO
Número Internacional Estándar del Libro 8420443530
041 0# - CÓDIGO DE IDIOMA
Código de lengua del texto/banda sonora o título independiente Spa
050 14 - SIGNATURA TOPOGRÁFICA DE LA BIBLIOTECA DEL CONGRESO
Número de clasificación PQ 8498.32
Número de ítem V297ti 2004
100 1# - ENTRADA PRINCIPAL--NOMBRE DE PERSONA
Nombre de persona Vargas Llosa, Mario,
Fechas asociadas al nombre 1936-
245 13 - MENCIÓN DEL TÍTULO
Título La tía Julia y el escribidor /
Mención de responsabilidad, etc. Mario Vargas Llosa
260 ## - PUBLICACIÓN, DISTRIBUCIÓN, ETC.
Lugar de publicación, distribución, etc. Madrid :
Nombre del editor, distribuidor, etc. Alfaguara,
Fecha de publicación, distribución, etc. 2004
300 ## - DESCRIPCIÓN FÍSICA
Extensión 466 p.:
Dimensiones 22 cm
500 ## - NOTA GENERAL
Nota general "Edición definitiva"--Cover.
520 ## - RESUMEN, ETC.
Sumario, etc. En esta se recoge la noble historia en que se vertebra su argumento: por un lado, la relación amorosa del joven escritor Varguitas con una mujer de su familia mayor que él, la tía Julia, y por otro, la desaforada presencia del folletinista Pedro Camacho en la misma emisora de radio donde Varguitas trabaja.
650 #0 - PUNTO DE ACCESO ADICIONAL DE MATERIA--TÉRMINO DE MATERIA
Término de materia o nombre geográfico como elemento de entrada Radio writers
Subdivisión general Perú
-- Lima
-- Fiction
650 #0 - PUNTO DE ACCESO ADICIONAL DE MATERIA--TÉRMINO DE MATERIA
Término de materia o nombre geográfico como elemento de entrada Man
Subdivisión general Woman relationships
-- Perú
-- Lima
-- Fiction
650 #0 - PUNTO DE ACCESO ADICIONAL DE MATERIA--TÉRMINO DE MATERIA
Término de materia o nombre geográfico como elemento de entrada Courtship
Subdivisión general Fiction
650 #4 - PUNTO DE ACCESO ADICIONAL DE MATERIA--TÉRMINO DE MATERIA
Término de materia o nombre geográfico como elemento de entrada Novela peruana.
650 #4 - PUNTO DE ACCESO ADICIONAL DE MATERIA--TÉRMINO DE MATERIA
Término de materia o nombre geográfico como elemento de entrada Novela amorosa peruana.
942 ## - ELEMENTOS DE ENTRADA SECUNDARIOS (KOHA)
Fuente del sistema de clasificación o colocación Clasificación de Library of Congress
Tipo de ítem Koha
946 ## - PROCESAMIENTO DE INFORMACIÓN LOCAL (OCLC)
a dpf
Holdings
Estatus retirado Estado de pérdida Fuente del sistema de clasificación o colocación Estado de daño No para préstamo Colección Biblioteca de origen Biblioteca actual Ubicación en estantería Fecha de adquisición Serial enumeration / chronology Signatura topográfica completa Código de barras Visto por última vez Copia número Tipo de ítem Koha
    Clasificación de Library of Congress     Humanidades Biblioteca Juan Bosch Biblioteca Juan Bosch Humanidades (4to. Piso) 10/04/2023 1 PQ 8498.32 V297ti 2004 00000103510 25/10/2018 1